| 000 | 01032nac a22002891u 4500 | ||
|---|---|---|---|
| 003 | EG-ScBUE | ||
| 005 | 20220203130816.0 | ||
| 008 | 200219s1995 ii f 000 1 eng d | ||
| 040 |
_aEG-ScBUE _beng _erda _cEG-ScBUE _dEG-ScBUE |
||
| 082 | 0 | 4 |
_a823.912 _bGRE _222 |
| 100 | 1 |
_aGreene, Graham, _d1904-1991, _eauthor. _938620 |
|
| 245 | 1 | 4 |
_aThe power and the glory : _ba critical study / _cGraham Greene ; Ramji Lall, M.A. formerly principal, Dyal Singh College, University of Delhi. |
| 250 | _aSeventh edition. | ||
| 264 | 1 |
_aNew Delhi : _bRama Brothers, _c1995. |
|
| 300 |
_a215 pages ; _c20 cm |
||
| 336 |
_2rdacontent _atext _btxt |
||
| 337 |
_2rdamedia _aunmediated _bn |
||
| 338 |
_2rdacarrier _avolume _bnc |
||
| 500 | _adistributer: Al-Ahram | ||
| 650 | 7 |
_aAnti-clericalism _vFiction. _2BUEsh |
|
| 650 | 7 |
_aCatholics _vFiction. _2BUEsh |
|
| 650 | 7 |
_aClergy _vFiction. _2BUEsh |
|
| 653 |
_bHHUUEENN _cFebruary2022 |
||
| 655 |
_vReading book _934232 |
||
| 700 | 1 |
_aLall, Ramji, _eauthor. |
|
| 942 |
_cBB _k823.912 GRE _2ddc |
||
| 999 |
_c6151 _d6151 |
||